| 000 | 00820nam a2200241 i 4500 | ||
|---|---|---|---|
| 001 | 78803 | ||
| 003 | ES-MaACL | ||
| 005 | 20230906173823.0 | ||
| 007 | t| | ||
| 008 | 041018s1952 sp ||||1| spa d | ||
| 100 | 1 |
_aHayes, Carlton J. H. ( _d1882-1964) _962194 |
|
| 245 | 1 | 4 |
_aLos Estados Unidos y España _b: una interpretación / _cCarlton J.H. Hayes ; [versión española de Antonio Espinosa]. |
| 250 | _a1ª ed. | ||
| 260 |
_aMadrid : _bEdiciones y Publicaciones Españolas, _c1952. |
||
| 300 |
_a237 p. ; _c20 cm. |
||
| 490 | 1 | _aTemas actuales | |
| 651 | 4 |
_aEspaña- _xRelaciones- _zEstados Unidos _98462 |
|
| 651 | 4 |
_aEstados Unidos- _xRelaciones- _zEspaña. _9169150 |
|
| 700 | 1 |
_aEspinosa, Antonio. _947874 |
|
| 830 | 1 |
_aTemas actuales _9180872 |
|
| 852 |
_aES-MaACL _jD-7008 |
||
| 999 |
_c78803 _d78803 |
||